| 000 | 00484cam a2200181ua 4500 | ||
|---|---|---|---|
| 001 | 10049 | ||
| 005 | 20260515114546.0 | ||
| 008 | 170323n ii |||gr||||Z||||||eng | ||
| 020 | _a9788123746296 | ||
| 040 | _cMAIN | ||
| 041 | _aeng | ||
| 082 | _a668.4 | ||
| 245 |
_aPlastics : _ba threat to mankind / _cBy Chintan environmental research and action group . |
||
| 260 |
_aNew Delhi: _bNBT, _c2010. |
||
| 300 | _a85p. | ||
| 653 | _aTechnology of other organic products | ||
| 942 | _cBK | ||
| 999 |
_c9040 _d9040 |
||